Investment Programme for the Economic Recovery Strategy for Wealth and Employment Creation (Record no. 2522)
[ view plain ]
| 000 -LEADER | |
|---|---|
| fixed length control field | 00337nam a22001097a 4500 |
| 008 - FIXED-LENGTH DATA ELEMENTS--GENERAL INFORMATION | |
| fixed length control field | 230623b xxu||||| |||| 00| 0 eng d |
| 082 ## - DEWEY DECIMAL CLASSIFICATION NUMBER | |
| Classification number | 339 |
| Item number | GOK 2004 |
| 245 ## - TITLE STATEMENT | |
| Title | Investment Programme for the Economic Recovery Strategy for Wealth and Employment Creation |
| Remainder of title | 2003- 2007 |
| 260 ## - PUBLICATION, DISTRIBUTION, ETC. (IMPRINT) | |
| Place of publication, distribution, etc. | Kenya |
| Name of publisher, distributor, etc. | GOK |
| Date of publication, distribution, etc. | 2004 |
| 300 ## - PHYSICAL DESCRIPTION | |
| Extent | VII,141p |
| 942 ## - ADDED ENTRY ELEMENTS (KOHA) | |
| Source of classification or shelving scheme | Dewey Decimal Classification |
| Koha item type | Books |
| Withdrawn status | Lost status | Source of classification or shelving scheme | Damaged status | Not for loan | Home library | Current library | Date acquired | Total Checkouts | Full call number | Barcode | Date last seen | Price effective from | Koha item type |
|---|---|---|---|---|---|---|---|---|---|---|---|---|---|
| Dewey Decimal Classification | County Hall Archives | County Hall Archives | 06/23/2023 | 339 GOK 2004 | 10006570 | 06/23/2023 | 06/23/2023 | Books | |||||
| Dewey Decimal Classification | County Hall Archives | County Hall Archives | 06/23/2023 | 339 GOK 2004 | 10006571 | 06/23/2023 | 06/23/2023 | Books |
